000 00687nam a2200229Ia 4500
003 OSt
005 20220926014452.0
006 a|||||r|||| 00| 0
007 ta
008 220923b |||||||| |||| 00| 0 eng d
037 _cGeneral Book
040 _aRTL
_cRTL
_beng
041 _2eng
_aeng
082 _aX:89Q8.73.N8, M7
100 _aHarrington H James
_9240115
245 0 _aImprovement process
_b How america s leading compani
260 _aNew York
_bMc-Graw Hill USA
_c1987
300 _axiv, 239p. Bibliography P 225-26
_ccm.
650 _aQuality Control
942 _hX:89Q8.73.N8, M7
_cGB
_2CC
999 _c629053
_d629053